000 00305nam a2200121Ia 4500
008 190216s9999||||xx |||||||||||||| ||und||
100 _aRaman Pillai C V
245 0 _aMarthandavarma
260 _bSahithya Pravarthaka Sahakarana Sangam
_c1981
300 _a225p
650 _aMalayalam Novel
942 _cBK
999 _c25882
_d25882